| 000 | 00542nam a2200169 a 4500 | ||
|---|---|---|---|
| 001 | 000047600 | ||
| 005 | 20201002060629.0 | ||
| 008 | 180704s2017 000 spa d | ||
| 020 | _a9789945876970 | ||
| 040 |
_aDO-SdBNP _bspa _cBNPHU |
||
| 100 | 1 |
_aFulgencio, Milagros _974240 |
|
| 245 | 1 | 0 |
_aAprendiendo a caminar :. : _buna guía para ayudar a nuevos creyentes en la fe de Jesucristo / _cMilagros Fulgencio. |
| 250 | _a4ta. ed | ||
| 260 |
_aSanto Domingo : _bBúho , _c2017. |
||
| 300 |
_a176 p. ; _c24 cm. |
||
| 590 | _aInventariado,2018/DG | ||
| 999 |
_c47088 _d47088 |
||